000 00746nam a22002657a 4500
001 0036620
003 KOHA_MİRAKIL
005 20260207003012.0
007 ta
008 120430b2003 tu |||gr||||#||||0|tur |
020 _a9758714062
_c20,61
040 _aTR-BiSEU
_btur
_cTR-BiSEU
_erda
041 0 _atur
044 _ctu
050 _aQA641
_b.H33 2003
100 1 _aHacısalihoğlu, H..
245 1 _aDiferensiyel Geometri/
_cH. Hacısalihoğlu ; H. Hacısalihoğlu.
264 1 _aAnkara :
_bHacısalihoğlu
_c2003
300 _aiv; 206 s. ;
_c21 cm
336 _ametin
_btxt
_2rdacontent
337 _aaracısız
_bn
_2rdamedia
338 _acilt
_bnc
_2rdacarrier
650 0 _aDiferensiyel, geometri.
_969297
942 _2lcc
_cBK
999 _c36512
_d36512